| 000 | 00674 a2200181 4500 | ||
|---|---|---|---|
| 999 |
_c4687 _d4687 |
||
| 020 | _a9781420078541 (hardcover : alk. paper) | ||
| 050 | 0 | 0 | _aQA76.9.RAG2010 |
| 100 | 1 |
_aRaggad, Bel G. _eauthor |
|
| 245 | 1 | 0 |
_aInformation security management : _bconcepts and practice / _cBel G. Raggad. |
| 264 |
_aLondon : _bCRC Press., _c2010 |
||
| 300 |
_axxxv, 832 p. : _bill. ; |
||
| 500 | _a"An Auerbach book." | ||
| 504 | _aIncludes bibliographical references and index. | ||
| 650 | 0 |
_aComputer security _xManagement. |
|
| 650 | 0 | _aData protection. | |
| 942 |
_2lcc _cBK _h76.9 _iRAG _kQA |
||